Modern electrical communications (Record no. 51449)

MARC details
000 -LEADER
fixed length control field 00541nam a2200157 a 4500
008 - FIXED-LENGTH DATA ELEMENTS--GENERAL INFORMATION
fixed length control field 120416s0000 ||||||||||||||||| || u
020 ## - INTERNATIONAL STANDARD BOOK NUMBER
International Standard Book Number 0135932289
050 ## - LIBRARY OF CONGRESS CALL NUMBER
Classification number TK 5101 Sta
100 ## - MAIN ENTRY--PERSONAL NAME
Personal name Stark, Henry
245 10 - TITLE STATEMENT
Title Modern electrical communications
246 ## - VARYING FORM OF TITLE
Title proper/short title theory and systems
260 ## - PUBLICATION, DISTRIBUTION, ETC.
Place of publication, distribution, etc. Englewood Cliffs, N.J.
Name of publisher, distributor, etc. FT Prentice-Hall
Date of publication, distribution, etc. 1979
300 ## - PHYSICAL DESCRIPTION
Extent xvi, 601p.
350 ## - PRICE (NR) (BK AM CF MU VM SE) [OBSOLETE]
Price 0.00
995 ## - RECOMMENDATION 995 [LOCAL, UNIMARC FRANCE]
-- 0.00
-- CBU-MAIN LIBRARY (Kitwe)
-- 1
-- 29.70
-- 1
-- DAMAGED
-- Main Library Open Access Collection
Holdings
Withdrawn status Lost status Source of classification or shelving scheme Damaged status Not for loan Home library Current library Shelving location Date acquired Total Checkouts Full call number Barcode Date last seen Price effective from Koha item type
          CBU-MAIN LIBRARY, KITWE. CBU-MAIN LIBRARY, KITWE.   11/30/2022   TK 5101 Sta 025634 11/30/2022 11/30/2022 MONOGRAPH